| 000 | 00679nam a2200205 i 4500 | ||
|---|---|---|---|
| 001 | bg | ||
| 100 | 1 | _aGAWDZIK, Andrzej | |
| 245 | 0 |
_aZasady sterowania procesami technologii i inżynierii chemicznej / _cAndrzej Gawdzik, Bolesław Tabis, Wiesław Figiel ; Politechnika Krakowska im. Tadeusza Kościuszki. |
|
| 260 |
_aKraków : _bPK, _c1991. |
||
| 300 |
_a228 s. : _brys., wykr. ; _c24 cm. |
||
| 504 | _aBibliogr. s. 228. | ||
| 700 | 1 | _aTABIS, Bolesław | |
| 700 | 1 | _aFIGIEL, Wiesław | |
| 710 | _aPOLITECHNIKA KRAKOWSKA (Kraków) | ||
| 040 | _cBPK | ||
| 041 | _apol | ||
| 080 | _a66.01/.09:681.5:517.9](075.8) | ||
| 942 | _cKS | ||
| 008 | s pl f |000 0 pol | ||
| 999 |
_c6313 _d6313 |
||
| 856 |
_uhttp://koha.tu.koszalin.pl/cgi-bin/koha/opac-detail.pl?biblionumber=6313 _yKatalog online BPK |
||